Zaplamowane Flagi #1 - Statystyki

Ogólne statystyki
  • Ten quiz został rozwiązany 46 razy
  • Średni wynik to 14 z 16
Statystyki odpowiedzi
Obrazkowy Odpowiedź % Poprawnych
Polska
100%
Białoruś
95%
Brazylia
95%
Chiny
95%
Japonia
95%
Niemcy
95%
Ukraina
95%
Hiszpania
93%
Rosja
93%
Stany Zjednoczone
93%
Meksyk
90%
Portugalia
90%
Sri Lanka
78%
Bhutan
76%
Uganda
76%
Mozambik
61%
Nie znaleziono quizów pasujących do podanych kryteriów
Rozkład punktacji
Procent ludzi z każdym wynikiem
Percentyl według liczby udzielonych odpowiedzi
Twoja historia wyników
Nie rozwiązałeś tego quizu